000 01533pam a2200385 i 4500
999 _c65729
_d65729
001 768714001
003 CO-MdFUSB
005 20201019135025.0
007 ta
008 861209t1987 gau b 000 0 eng
010 _a86031498
020 _a1555401066 (alk. paper)
040 _aDLC
_cCO-MdFUSB
_dm/c
_dCO-MdFUSB
_dCUF
_dUtOrBLW
_bspa
_erda
041 _aeng
082 _223
_a296.123066
_bN496
100 1 _aNeusner, Jacob,
_d1932-2016.
_eautor
245 1 4 _aThe Mishnah before 70 /
_cJacob Neusner.
264 1 _aAtlanta, Ga. :
_bScholars Press,
_c[1987]
264 4 _c©1987.
300 _axiv, 290 páginas ;
_c25 cm.
336 _atexto
_btxt
_2rdacontent.
337 _asin mediación
_bn
_2rdamedia.
338 _avolumen
_bnc
_2rdacarrier.
490 1 _aBrown Judaic studies ;
504 _aIncluye referencias bibliográficas
505 _aEl método de correlación de atribuciones y secuencias de progresiones lógicas: el caso de Mishnah - y Tosefta -Tractate Makhshirin. --Kelim antes de los 70. -- Ohalot antes de los 70. -- Negaim antes de los 70. -- Parah antes de los 70. -- Tohorot antes de los 70. --Miqvaot antes de los 70. -- Nidahh antes de los 70. -- Zabim antes de los 70. -- La formación de la ley de purezas de la mishná: los casos de kelim y de Ohalot
563 _aRústico
653 _aMisná
653 _aLegislación judía.
830 0 _aBrown Judaic studies ;
_vno. 51.
942 _cBK
945 _aJTF-925